Barigala Nadige : Sahithya samskruthi vimarshe (Record no. 231895)
[ view plain ]
| 000 -LEADER | |
|---|---|
| fixed length control field | 00837nam a22002057a 4500 |
| 005 - DATE AND TIME OF LATEST TRANSACTION | |
| control field | 20250408090916.0 |
| 008 - FIXED-LENGTH DATA ELEMENTS--GENERAL INFORMATION | |
| fixed length control field | 241024b ||||| |||| 00| 0 eng d |
| 020 ## - INTERNATIONAL STANDARD BOOK NUMBER | |
| International Standard Book Number | 9789392116919 |
| 040 ## - CATALOGING SOURCE | |
| Transcribing agency | AL |
| 041 ## - LANGUAGE CODE | |
| Language code of text/sound track or separate title | Kannada |
| 082 ## - DEWEY DECIMAL CLASSIFICATION NUMBER | |
| Edition number | 23 |
| Classification number | K894.9 |
| Item number | KHAB |
| 100 ## - MAIN ENTRY--PERSONAL NAME | |
| Personal name | KHANDIGE (T A N) |
| 100 ## - MAIN ENTRY--PERSONAL NAME | |
| 9 (RLIN) | 207825 |
| 100 ## - MAIN ENTRY--PERSONAL NAME | |
| Numeration | ಟಿ ಎ ಎನ್ ಖಂಡಿಗೆ |
| 9 (RLIN) | 207826 |
| 245 ## - TITLE STATEMENT | |
| Title | Barigala Nadige : Sahithya samskruthi vimarshe |
| Remainder of title | ಬರಿಗಾಲ ನಡಿಗೆ :ಸಾಹಿತ್ಯ ಸಂಸ್ಕೃತಿ ವಿಮರ್ಶೆ |
| 260 ## - PUBLICATION, DISTRIBUTION, ETC. | |
| Place of publication, distribution, etc. | Mangaluru |
| Name of publisher, distributor, etc. | Aakrithi Aashaya Publications |
| Date of publication, distribution, etc. | 2024 |
| 300 ## - PHYSICAL DESCRIPTION | |
| Extent | 220 p. |
| Other physical details | HB |
| Dimensions | 21x14 cm. |
| 365 ## - TRADE PRICE | |
| Price type code | 938 |
| Price amount | ₹212.00 |
| Currency code | ₹ |
| Unit of pricing | ₹250.00 |
| Price note | 15% |
| Price effective from | 26-09-2024 |
| 650 ## - SUBJECT ADDED ENTRY--TOPICAL TERM | |
| Topical term or geographic name entry element | a literary and cultural review |
| 9 (RLIN) | 183161 |
| Source of heading or term | ಸಾಹಿತ್ಯ ಸಂಸ್ಕೃತಿ ವಿಮರ್ಶೆ |
| 942 ## - ADDED ENTRY ELEMENTS (KOHA) | |
| Source of classification or shelving scheme | Dewey Decimal Classification |
| Koha item type | Book |
| Withdrawn status | Lost status | Source of classification or shelving scheme | Damaged status | Not for loan | Collection code | Home library | Current library | Date acquired | Source of acquisition | Cost, normal purchase price | Total Checkouts | Full call number | Barcode | Date last seen | Cost, replacement price | Price effective from | Koha item type |
|---|---|---|---|---|---|---|---|---|---|---|---|---|---|---|---|---|---|
| Dewey Decimal Classification | Kannada | St Aloysius Library | St Aloysius Library | 10/21/2024 | Aakrithi Aashaya Publications | 212.00 | K894.9 KHAB | 077354 | 10/24/2024 | 250.00 | 10/24/2024 | Book |